| 000 | 00903nam0a22002891 4500 | ||
|---|---|---|---|
| 001 | rc\3502815 | ||
| 005 | 20250610012639.0 | ||
| 021 |
_aRU _b71-3824 |
||
| 021 |
_aRU _bРг6163-71 |
||
| 035 | _a(NLR Aleph) 007613803 | ||
| 090 |
_a5846655 _c5846655 |
||
| 100 | _a20130115d1970 |||y0rusy50 ca | ||
| 101 | 0 | _arus | |
| 102 | _aRU | ||
| 105 | _ay z ||||| | ||
| 200 | 1 |
_aReades For tecxnical students _eСборник техн. текстов на англ. яз. _fМ-во обороны СССР |
|
| 210 |
_a[Москва] _cБ. и. _d1970 |
||
| 215 |
_a280 с. _d23 |
||
| 300 | _aПеред загл. авт.: Э.С. Бердник, Р.С. Кейс, С.Л. Мисевра | ||
| 700 | 1 |
_aБердник _bЭ.С. |
|
| 701 | 1 |
_aКейс _bР.С. |
|
| 701 | 1 |
_aМисевра _bС.Л. |
|
| 801 | 0 |
_aRU _bNLR _gpsbo |
|
| 801 | 1 |
_aRU _bELAR _2rusmarc |
|
| 852 |
_aNLR _j71-5/1366 |
||
| 942 | _cBOOK | ||
| 980 | _aNB | ||